Central Library OPAC University of Rajshahi

Value, capital and growth : (Record no. 42791)

MARC details
000 -LEADER
fixed length control field 00974nam a2200289 a 4500
001 - CONTROL NUMBER
control field 42791
003 - CONTROL NUMBER IDENTIFIER
rucl marc code BD-RjUL
005 - DATE AND TIME OF LATEST TRANSACTION
control field 20211209053607.0
008 - FIXED-LENGTH DATA ELEMENTS--GENERAL INFORMATION
fixed length control field 160615s1968 stka b 010 0 eng
035 ## - SYSTEM CONTROL NUMBER
System control number (BD-RjUL)42909
040 ## - CATALOGING SOURCE
Original cataloging agency DLC
Transcribing agency DLC
Modifying agency BD-RjUL
Language of cataloging eng
041 ## - LANGUAGE CODE
Language code of text/sound track or separate title eng
082 00 - DEWEY DECIMAL CLASSIFICATION NUMBER
Classification number 330.1
Edition number 23
Author mark and year VAL 1968
245 00 - TITLE STATEMENT
Title Value, capital and growth :
Remainder of title papers in honour of Sir John Hicks /
Statement of responsibility, etc. Edited by J. N. Wolfe.
260 ## - PUBLICATION, DISTRIBUTION, ETC. (IMPRINT)
Place of publication, distribution, etc. Chicago :
Name of publisher, distributor, etc. Edinburgh U.P. ,
Date of publication, distribution, etc. c1968
300 ## - PHYSICAL DESCRIPTION
Pagination xi, 552 p. :
Illustrations ill. ;
Size 26 cm.
504 ## - BIBLIOGRAPHY, ETC. NOTE
Bibliography, etc Biographical and bibliographical data of Sir John Hicks: p. 531-537.
Bibliography, etc Bibliography: p. 539-552.
600 10 - SUBJECT ADDED ENTRY--PERSONAL NAME
Personal name Hicks, John,
Dates associated with a name 1904-1989.
650 #0 - SUBJECT ADDED ENTRY--TOPICAL TERM
Topical term or geographic name as entry element Value.
9 (RLIN) 119351
Topical term or geographic name as entry element Capital.
9 (RLIN) 131508
Topical term or geographic name as entry element Economic development.
9 (RLIN) 131509
Topical term or geographic name as entry element Economics, Mathematical.
9 (RLIN) 116902
700 1# - ADDED ENTRY--PERSONAL NAME
Personal name Hicks, John,
Dates associated with a name 1904-1989.
Personal name Wolfe, J. N.
Fuller form of name (James Nathaniel),
Relator term ed.
942 ## - ADDED ENTRY ELEMENTS (KOHA)
Source of classification or shelving scheme Dewey Decimal Classification
Koha item type Books
Holdings
Lost status Source of classification or shelving scheme Damaged status Not for loan Collection code Permanent Location Current Location Shelving location Date acquired Source of acquisition Cost, normal purchase price Total Checkouts Full call number Date last seen Copy number Koha item type
  Dewey Decimal Classification     Non-fiction Central Library, University of Rajshahi Central Library, University of Rajshahi   17/07/1970 Sweets and Zeetlinger 100.00   330.1 VAL 1968 15/06/2016 C-2 Books